Largest Towns/Citys in the Historic county of Worcester - Statistics

General Stats
  • This quiz has been taken 26 times
  • The average score is 6 of 8
Answer Stats
Modern County population Name % Correct
Worcestershire 101,000 Worcester
100%
Worcestershire 55,000 Kidderminster
79%
Worcestershire 23,000 Evesham
74%
Worcestershire 85,000 Redditch
68%
Worcestershire 29,000 Bromsgrove
63%
Worcestershire 29,000 Great Malvern
63%
West MIdlands 63,000 Stourbridge
63%
West Midlands 79,000 Dudley
47%
No matching quizzes found
Score Distribution
Percent of People with Each Score
Percentile by Number Answered
Your Score History
You have not taken this quiz